| 000 | 01071cam a22003373a 4500 | ||
|---|---|---|---|
| 001 | 0000725 | ||
| 003 | DO-SdBNP | ||
| 005 | 20170915134144.0 | ||
| 007 | 0000725 | ||
| 008 | 861112 1980 sp ac 000 0 spa d | ||
| 010 | _a | ||
| 020 | _a8422611465 | ||
| 040 |
_aBPMSU _cspa _dBPMSU _d |
||
| 082 |
_aR 610.3 _bL697sa |
||
| 240 | 0 | 0 |
_aGuide santé médecine _lEspañol. |
| 245 | 0 | 0 |
_aLa salud / _cClaude B. Blouin ... [et al.] ; traducción Mª Teresa Paüls |
| 260 | 0 |
_aBarcelona : _bCirculo de Lectores, _c1980. |
|
| 300 |
_a480 p. : _bil., retrato _c25 cm. |
||
| 490 | 1 | _aEnciclopédia médica familiar | |
| 500 | _aIncluye glosario. | ||
| 600 | 0 | 0 |
_a _x |
| 650 | 4 |
_aMEDICINA POPULAR _vENCICLOPÉDIAS Y DICCIONARIOS |
|
| 650 | 4 |
_aMEDICINA _vENCICLOPÉDIAS Y DICCIONARIOS |
|
| 650 | 4 |
_aMEDICINA FAMILIAR _vENCICLOPÉDIAS Y DICCIONARIOS |
|
| 700 | 1 | 2 | _aBlouin, Claude-B. |
| 700 | 1 | 2 |
_aPaüls, María Teresa _etrad. |
| 830 | 0 | _aEnciclopedia médica familiar | |
| 942 |
_2ddc _cBK |
||
| 945 | _aiNVENTARIADO, 2017/MFF | ||
| 956 |
_2YLOCKWARD _310 _8BPMSU |
||
| 999 |
_c11584 _d11584 |
||